000 00565nam a2200193Ia 4500
003 GCL
008 140319s9999 xx 000 0 ara d
040 _aGCL /
_cGCL
082 0 4 _a953.2
_bف ك
100 1 _aفايان، كلودى
245 1 0 _aكنت طبيبة فى اليمن (هدية من الاديب عبدالفتاح الجمل) /
_cفايان، كلودى
700 1 _aمحسن العينى
700 1 _aمحمد محمود الزبيرى
490 _a
650 0 4 _aاليمن
650 0 4 _aعدن
650 0 4 _aصنعاء
942 _2ddc
_cBK
999 _c40086
_d40086